Kiểm toán
Gardado en:
| Formato: | Libro |
|---|---|
| Idioma: | Undetermined |
| Publicado: |
Hà Nội
Tài chính
1997
|
| Những chủ đề: | |
| Các nhãn: |
Engadir etiqueta
Sen Etiquetas, Sexa o primeiro en etiquetar este rexistro!
|
| Thư viện lưu trữ: | Trung tâm Học liệu Trường Đại học Cần Thơ |
|---|
| LEADER | 00500nam a2200181Ia 4500 | ||
|---|---|---|---|
| 001 | CTU_21977 | ||
| 008 | 210402s9999 xx 000 0 und d | ||
| 020 | |c 31500 | ||
| 082 | |a 657.45 | ||
| 082 | |b K304 | ||
| 245 | 0 | |a Kiểm toán | |
| 245 | 0 | |c Vũ Hữu Đức [et.al] | |
| 260 | |a Hà Nội | ||
| 260 | |b Tài chính | ||
| 260 | |c 1997 | ||
| 650 | |a Management auditing,Managerial accounting | ||
| 904 | |i Minh, Huỳnh Mai | ||
| 980 | |a Trung tâm Học liệu Trường Đại học Cần Thơ | ||